Loading...
History - World History | 2 | 4 | 0 | 1 | 70 | 43 | 91.50 | 1 | 4 |
History - European History | 0 | 5 | 0 | 0 | 50 | 87 | 102.80 | 0 | 0 |
Science - Other Science | 1 | 2 | 0 | 0 | 35 | 35 | 85.67 | 1 | 2 |
Geography | 1 | 2 | 1 | 2 | 30 | 51 | 102.33 | 1 | 1 |
Social Science | 0 | 3 | 0 | 1 | 30 | 108 | 120.67 | 0 | 2 |
History - Other History | 1 | 1 | 0 | 1 | 25 | 60 | 94.00 | 1 | 1 |
History - American History | 1 | 1 | 0 | 0 | 25 | 35 | 56.50 | 1 | 2 |
Current Events | 0 | 2 | 0 | 1 | 20 | 104 | 106.50 | 0 | 0 |
Religion | 0 | 2 | 1 | 0 | 15 | 82 | 87.00 | 0 | 2 |
Fine Arts - Auditory Fine Arts | 1 | 0 | 0 | 0 | 15 | 42 | 42.00 | 1 | 1 |
Fine Arts - Other Fine Arts | 0 | 1 | 0 | 0 | 10 | 99 | 99.00 | 0 | 1 |
Science - Physics | 0 | 0 | 0 | 0 | 0 | 0.00 | 0 | 0 | |
Science - Biology | 0 | 0 | 1 | 0 | -5 | 0.00 | 0 | 0 |